000 01065cab a2200253 4500
001 ABS37277
008 090401t1987 xxu||||| |||| 00| 0 eng d
035 _a(Sirsi) u3445
041 _aeng
100 _aMacwilliam, D.
245 _aPRC houses: why are they the chosen few?
260 _c1987
350 _a0
490 _aSurveyor (PWW)
_v168 (4927) 15 January 1987, 19-20 (2)
520 _aDiscusses problems of owners of PRC houses as a result of the Housing Defects Act 1984 . Examines the working of the act, which provides for financial assistance to owner-occupiers of certain types of PRC home and the implications for the rest. Looks at problems which arise after reinstatement of the houses because of the Building Societies Association`s reluctance to grant mortgages on this type of property.
650 _aHOUSING DEFECTS ACT 1984
650 _aMORTGAGE LENDING
650 _aPRC HOUSES
650 _aPREFABRICATION
650 _aSYSTEM BUILDING
690 _aBUILT ENVIRONMENT-BUILDING PATHOLOGY
942 _n0
948 _c04/03/1997
999 _c2116
_d2116